Celebrities in Disney Style Picture #5 - Statistics

General Stats
  • This quiz has been taken 44 times
  • The average score is 11 of 20
Answer Stats
Picture Answer % Correct
Diana
83%
Morgan Freeman
83%
Ryan Reynolds
83%
Adam Sandler
80%
Jason Momoa
80%
Vin Diesel
76%
Timothée Chalamet
73%
Henry Cavill
56%
Chris Evans
54%
Emma Stone
51%
Jennifer Lawrence
46%
Angelina Jolie
44%
David Beckham
44%
Bradley Cooper
41%
Nicole Kidman
41%
Sandra Bullock
41%
Anya Taylor-Joy
37%
Charlize Theron
27%
Gal Gadot
27%
Scarlett Johansson
27%
No matching quizzes found
Score Distribution
Percent of People with Each Score
Percentile by Number Answered
Your Score History
You have not taken this quiz